00162 a2200061 4500100002600000245003700026260003700063 aGeorge Gabriel Stokes aMathematical and Physical Papers bCambridge University Pressc2009